<?xml version="1.0" encoding="UTF-8"?>
<record
    xmlns:xsi="http://www.w3.org/2001/XMLSchema-instance"
    xsi:schemaLocation="http://www.loc.gov/MARC21/slim http://www.loc.gov/standards/marcxml/schema/MARC21slim.xsd"
    xmlns="http://www.loc.gov/MARC21/slim">

  <leader>03286nam a2200361 a 4500</leader>
  <controlfield tag="003">CHAP</controlfield>
  <controlfield tag="005">20230419133029.0</controlfield>
  <controlfield tag="007">ta</controlfield>
  <controlfield tag="008">230303s2013    mx abd|f |||| 001 0 spa d</controlfield>
  <datafield tag="020" ind1=" " ind2=" ">
    <subfield code="a">978-958-648-789-4</subfield>
  </datafield>
  <datafield tag="040" ind1=" " ind2=" ">
    <subfield code="a">mxchpua</subfield>
    <subfield code="c">CHAP</subfield>
    <subfield code="e">rda</subfield>
  </datafield>
  <datafield tag="050" ind1="1" ind2="0">
    <subfield code="a">GE320.C7</subfield>
    <subfield code="b">.A94 2013</subfield>
  </datafield>
  <datafield tag="082" ind1="0" ind2="0">
    <subfield code="2">20</subfield>
    <subfield code="a">333.7</subfield>
    <subfield code="b">A94 2013</subfield>
  </datafield>
  <datafield tag="100" ind1="1" ind2=" ">
    <subfield code="9">155953</subfield>
    <subfield code="a">Avellaneda Cusar&#xED;a, Jos&#xE9; Alfonso</subfield>
  </datafield>
  <datafield tag="245" ind1="1" ind2="0">
    <subfield code="a">Gesti&#xF3;n ambiental y planificaci&#xF3;n del desarrollo : </subfield>
    <subfield code="b">el sujeto ambiental y los conflictos ecol&#xF3;gicos distributivos /</subfield>
    <subfield code="c">Jos&#xE9; Alfonso Avellaneda Cusar&#xED;a</subfield>
  </datafield>
  <datafield tag="250" ind1=" " ind2=" ">
    <subfield code="a">3a edici&#xF3;n</subfield>
  </datafield>
  <datafield tag="264" ind1=" " ind2=" ">
    <subfield code="a">M&#xE9;xico :</subfield>
    <subfield code="b">ECOE Ediciones,</subfield>
    <subfield code="c">2013</subfield>
  </datafield>
  <datafield tag="300" ind1=" " ind2=" ">
    <subfield code="a">xxiv, 365 p&#xE1;ginas :</subfield>
    <subfield code="b">ilustraciones, mapas, gr&#xE1;ficas, diagramas, tablas</subfield>
  </datafield>
  <datafield tag="336" ind1=" " ind2=" ">
    <subfield code="2">rdacontent</subfield>
    <subfield code="a">texto</subfield>
    <subfield code="b">txt</subfield>
  </datafield>
  <datafield tag="337" ind1=" " ind2=" ">
    <subfield code="2">rdamedia</subfield>
    <subfield code="a">sin medio</subfield>
    <subfield code="b">n</subfield>
  </datafield>
  <datafield tag="338" ind1=" " ind2=" ">
    <subfield code="2">rdacarrier</subfield>
    <subfield code="a">volumen</subfield>
    <subfield code="b">nc</subfield>
  </datafield>
  <datafield tag="490" ind1="1" ind2=" ">
    <subfield code="a">Ingenier&#xED;a y salud en el trabajo. Ingenier&#xED;a ambiental</subfield>
  </datafield>
  <datafield tag="504" ind1=" " ind2=" ">
    <subfield code="a">Bibliograf&#xED;a: p&#xE1;ginas 357-358</subfield>
  </datafield>
  <datafield tag="505" ind1=" " ind2=" ">
    <subfield code="a">CONTENIDO: Entrop&#xED;a y modernidad - El camino hacia el umbral entr&#xF3;pico - &#xBF;La modernidad replegada? - Gesti&#xF3;n ambiental y sustentabilidad - La gesti&#xF3;n ambiental y la planificaci&#xF3;n del desarrollo - Problemas ambientales de los ecosistemas colombianos - El medio ambiente y el sector productivo - Manejo integral de residuos s&#xF3;lidos industriales - Salud, industria y medio ambiente - Agricultura org&#xE1;nica: una alternativa de desarrollo conservando el medio ambiente - Diplomacia y negocios ambientales internacionales - El sujeto ambiental y los conflictos ecol&#xF3;gicos distributivos - El sujeto ambiental - La construcci&#xF3;n de v&#xED;as en el bosque h&#xFA;medo tropical del pac&#xED;fico colombiano: crisis de gobernabilidad - La actualidad de la lucha por el derecho al agua - Bogot&#xE1; y sus influencias ambientales - Ensayos ambientales sobre educaci&#xF3;n y cultura.</subfield>
  </datafield>
  <datafield tag="520" ind1=" " ind2=" ">
    <subfield code="a">En la Tercera Edici&#xF3;n de este texto se ampl&#xED;a el an&#xE1;lisis de los procesos que est&#xE1;n dando lugar al surgimiento del sujeto ambiental como actor pol&#xED;tico, teniendo como referentes la Minga ind&#xED;gena, la movilizaci&#xF3;n social por la defensa del P&#xE1;ramo de Santurban contra la miner&#xED;a de oro; las movilizaciones campesinas y populares contra la represa del Quimbo, que afecta gravemente el r&#xED;o Magdalena, la resistencia contra la miner&#xED;a de oro en Cajamarca y el triunfo de la movilizaci&#xF3;n local contra la Planta de Ecopetrol en Villa de Leyva.
Tambi&#xE9;n se analizan las principales movilizaciones en Am&#xE9;rica Latina, en pa&#xED;ses como Brasil, Per&#xFA; y Bolivia. Se cuestiona la Econom&#xED;a Verde u otras facetas igualmente enga&#xF1;osas que esconden intereses de transnacionales de la energ&#xED;a, la farmacopea, los alimentos y el mercado del carbono. Esperamos que estas reflexiones sirvan a los lectores y estudiosos de la problem&#xE1;tica ambiental a todos los niveles para adentrarse en el conocimiento de la ecolog&#xED;a pol&#xED;tica, la econom&#xED;a ecol&#xF3;gica y la historia ambiental.</subfield>
  </datafield>
  <datafield tag="650" ind1="1" ind2="0">
    <subfield code="a">Administraci&#xF3;n ambiental</subfield>
    <subfield code="z">Colombia  </subfield>
    <subfield code="9">155955</subfield>
  </datafield>
  <datafield tag="650" ind1="1" ind2="7">
    <subfield code="9">32082</subfield>
    <subfield code="a">Desarrollo sustentable</subfield>
    <subfield code="z">Colombia</subfield>
  </datafield>
  <datafield tag="650" ind1="1" ind2="3">
    <subfield code="9">155957</subfield>
    <subfield code="a">Pol&#xED;tica ambiental</subfield>
    <subfield code="z">Colombia  </subfield>
  </datafield>
  <datafield tag="650" ind1="1" ind2="3">
    <subfield code="9">186307</subfield>
    <subfield code="a">Environmental stewardship</subfield>
    <subfield code="z">Colombia</subfield>
  </datafield>
  <datafield tag="650" ind1="1" ind2="3">
    <subfield code="9">155933</subfield>
    <subfield code="a">Environmental policy</subfield>
    <subfield code="z">Colombia</subfield>
  </datafield>
  <datafield tag="650" ind1="1" ind2="3">
    <subfield code="9">161518</subfield>
    <subfield code="a">Sustainable development</subfield>
    <subfield code="z">Colombia</subfield>
  </datafield>
  <datafield tag="942" ind1=" " ind2=" ">
    <subfield code="2">ddc</subfield>
    <subfield code="c">Libro</subfield>
  </datafield>
  <datafield tag="999" ind1=" " ind2=" ">
    <subfield code="c">218502</subfield>
    <subfield code="d">218502</subfield>
  </datafield>
  <datafield tag="952" ind1=" " ind2=" ">
    <subfield code="0">0</subfield>
    <subfield code="1">0</subfield>
    <subfield code="2">ddc</subfield>
    <subfield code="4">0</subfield>
    <subfield code="5">1</subfield>
    <subfield code="7">0</subfield>
    <subfield code="8">GRAL</subfield>
    <subfield code="a">IA_</subfield>
    <subfield code="b">IA_</subfield>
    <subfield code="d">2022-11-18</subfield>
    <subfield code="e">Compra ECOE Ediciones F. 3331</subfield>
    <subfield code="i">Consumo</subfield>
    <subfield code="l">0</subfield>
    <subfield code="o">333.7 A94 2013</subfield>
    <subfield code="p">1102014397</subfield>
    <subfield code="r">2023-03-03 00:00:00</subfield>
    <subfield code="t">Ej. 1</subfield>
    <subfield code="w">2023-03-03</subfield>
    <subfield code="y">LIBRO</subfield>
  </datafield>
  <datafield tag="952" ind1=" " ind2=" ">
    <subfield code="0">0</subfield>
    <subfield code="1">0</subfield>
    <subfield code="2">ddc</subfield>
    <subfield code="4">0</subfield>
    <subfield code="5">5</subfield>
    <subfield code="7">0</subfield>
    <subfield code="8">GRAL</subfield>
    <subfield code="a">IA_</subfield>
    <subfield code="b">IA_</subfield>
    <subfield code="d">2022-11-18</subfield>
    <subfield code="e">Compra ECOE Ediciones F. 3331</subfield>
    <subfield code="i">Consumo</subfield>
    <subfield code="l">2</subfield>
    <subfield code="m">2</subfield>
    <subfield code="o">333.7 A94 2013</subfield>
    <subfield code="p">1102014398</subfield>
    <subfield code="r">2023-12-14 00:00:00</subfield>
    <subfield code="s">2023-10-18</subfield>
    <subfield code="t">Ej. 2</subfield>
    <subfield code="w">2023-03-06</subfield>
    <subfield code="y">LIBRO</subfield>
  </datafield>
</record>
